000 00942nam a22002297a 4500
999 _c4907
_d4907
003 AR-CdUCM
008 190311b ||||| |||| 00| 0 spa d
040 _aMUNICIPALIDAD PROVINCIAL DEL CUSCO
_cBIBLIOTECA MUNICIPAL DEL CUSCO
041 _hru.
082 _a951.05 /
_bC93
245 _aCrítica de las concepciones teóricas de Mao Tse-Tung /
260 _aMoscú :
_bEdit. Progreso,
_c1973.
300 _a303 paginas ;
_c20 cm.
500 _aDonación familia Nieto
505 _aContenido :Sobre la esencia de la filosofía Maoista --El chovinismo y la hegemonía gran chinos disfrazados con el internacionalismo petrolero --Antítesis de la concepciones Marxistas y Maoista de los problemas de la revolución proletaria, de la guerra y la paz ...
650 _aComunismo
_9495
650 _aMarxismo
_924
650 _aMaoismo
_915078
700 _aJoaquín Rodríguez (traductor)
_915079
942 _2ddc
_cLIBROS
945 _arjall